[Event "ESP-ch FEDC 26th"]
[Site "Ciudad Real"]
[Date "2017.11.19"]
[Round "8.8"]
[White "Pimienta Sanchez, Manuel"]
[Black "Llaneras Henarejos, Miguel"]
[Result "1/2-1/2"]
[WhiteElo "1882"]
[BlackElo "1689"]
[PlyCount "80"]
[EventDate "2017.11.12"]
[EventType "swiss"]
[EventRounds "8"]
[EventCountry "ESP"]
[SourceTitle "EXT 2024"]
[Source "ChessBase"]
[SourceDate "2023.10.10"]
[SourceVersion "1"]
[SourceVersionDate "2023.10.10"]
[SourceQuality "1"]

1. d4 d6 2. Nf3 g6 3. c4 Bg7 4. Nc3 Nf6 5. e4 0-0 6. h3 Nc6 7. Be3 e5 8. d5 Ne7 9. b4 Ne8 10. Qd2 f5 11. Bh6 f4 12. Bxg7 Kxg7 13. c5 h6 14. Be2 Rf7 15. a4 g5 16. Nh2 Nf6 17. Rc1 Ng6 18. Qd1 Nh4 19. Rg1 Kh7 20. Bh5 Rg7 21. g3 Ng6 22. Bxg6+ Rxg6 23. gxf4 gxf4 24. Rxg6 Kxg6 25. Qf3 Bd7 26. Kd2 Qe7 27. Nb5 Bxb5 28. axb5 dxc5 29. bxc5 Rd8 30. Ke2 Kh7 31. Ng4 Rg8 32. Rg1 Nxg4 33. Rxg4 Qd7 34. Rxg8 Qxb5+ 35. Ke1 Qb1+ 36. Ke2 Qb5+ 37. Kd2 Qb2+ 38. Ke1 Qb1+ 39. Kd2 Qb2+ 40. Ke1 Qb1+ 1/2-1/2

[Event "Madrid FEDC-ch 25th"]
[Site "Madrid"]
[Date "2016.11.13"]
[Round "8"]
[White "Del Campo Rodriguez, Casimiro"]
[Black "Llaneras Henarejos, Miguel"]
[Result "1/2-1/2"]
[WhiteElo "1373"]
[BlackElo "1656"]
[PlyCount "22"]
[EventDate "2016.11.06"]
[EventType "swiss"]
[EventRounds "8"]
[EventCountry "ESP"]
[SourceTitle "CBM 175 Extra"]
[Source "ChessBase"]
[SourceDate "2016.12.12"]
[SourceVersion "1"]
[SourceVersionDate "2016.12.12"]
[SourceQuality "1"]

1. e4 d6 2. Nc3 g6 3. Nf3 Bg7 4. Be2 Nf6 5. d4 0-0 6. 0-0 a6 7. h3 b5 8. a3 Bb7 9. e5 Nd5 10. Nxd5 Bxd5 11. Bf4 Nd7 1/2-1/2

[Event "Valladolid Once-ch 23rd"]
[Site "Valladolid"]
[Date "2012.11.18"]
[Round "1"]
[White "Llaneras Henarejos, Miguel"]
[Black "Clemente Llamero, Roberto"]
[Result "0-1"]
[WhiteElo "1725"]
[BlackElo "2128"]
[PlyCount "60"]
[EventDate "2012.11.18"]
[EventType "swiss"]
[EventRounds "8"]
[EventCountry "ESP"]
[SourceTitle "CBM 151 Extra"]
[Source "ChessBase"]
[SourceDate "2012.12.18"]
[SourceVersion "1"]
[SourceVersionDate "2012.12.18"]
[SourceQuality "1"]

1. d4 d5 2. c4 e6 3. Nc3 Nf6 4. Nf3 Bb4 5. Qc2 0-0 6. e3 Nbd7 7. Bd3 b6 8. cxd5 exd5 9. 0-0 Bb7 10. Ne5 a6 11. Nxd7 Qxd7 12. Bd2 Bd6 13. Rac1 Rfe8 14. Rfe1 Qg4 15. g3 g6 16. Qd1 h5 17. f3 Qd7 18. e4 dxe4 19. Nxe4 Nxe4 20. Bxe4 Bxe4 21. Rxe4 c5 22. Be3 Rxe4 23. fxe4 Qe6 24. Qf3 Re8 25. dxc5 bxc5 26. Bxc5 Bxc5+ 27. Rxc5 Qxa2 28. Qc3 Qb1+ 29. Kf2 Qxe4 30. Rc8 Qf5+ 0-1

[Event "Benidorm FEDC op 12th"]
[Site "Benidorm"]
[Date "2012.06.20"]
[Round "4"]
[White "Llaneras Henarejos, Miguel"]
[Black "Garcia Cervigon, Cecilio"]
[Result "1/2-1/2"]
[WhiteElo "1733"]
[BlackElo "1857"]
[PlyCount "31"]
[EventDate "2012.06.17"]
[EventType "swiss"]
[EventRounds "7"]
[EventCountry "ESP"]
[SourceTitle "EXT 2024"]
[Source "ChessBase"]
[SourceDate "2023.10.10"]
[SourceVersion "1"]
[SourceVersionDate "2023.10.10"]
[SourceQuality "1"]

1. d4 Nf6 2. c4 e6 3. Nc3 Bb4 4. Nf3 0-0 5. Bg5 d5 6. e3 c6 7. Qc2 Nbd7 8. cxd5 exd5 9. Bd3 Re8 10. 0-0 Bd6 11. Bxh7+ Kh8 12. Bf5 Qc7 13. Rac1 Be7 14. Bf4 Qd8 15. Ng5 Kg8 16. h4 1/2-1/2

[Event "Mondariz op 8th"]
[Site "Mondariz"]
[Date "2011.04.19"]
[Round "4"]
[White "Llaneras Henarejos, Miguel"]
[Black "Sio Areal, Manuel"]
[Result "1-0"]
[WhiteElo "1746"]
[BlackElo "1456"]
[PlyCount "52"]
[EventDate "2011.04.16"]
[EventType "swiss"]
[EventRounds "8"]
[EventCountry "ESP"]
[SourceTitle "EXT 2012"]
[Source "ChessBase"]
[SourceDate "2011.11.24"]
[SourceVersion "1"]
[SourceVersionDate "2011.11.24"]
[SourceQuality "1"]

1. d4 d5 2. c4 c6 3. Nf3 Nf6 4. Nc3 dxc4 5. a4 Bf5 6. Bg5 e6 7. e4 Bg6 8. e5 h6 9. Bh4 Qb6 10. exf6 Qxb2 11. Qc1 Ba3 12. fxg7 Rg8 13. Na2 Na6 14. Bxc4 Nb4 15. Qxb2 Bxb2 16. Nxb4 Bxa1 17. 0-0 Bc3 18. Nd3 Rxg7 19. Nf4 Be4 20. Nh5 Rg8 21. Nf6+ Kf8 22. Nxe4 Rg4 23. Nxc3 a6 24. h3 Rg8 25. Ne5 b5 26. Nd7+ Ke8 1-0

[Event "Mondariz op 8th"]
[Site "Mondariz"]
[Date "2011.04.18"]
[Round "3"]
[White "Feijoo Novoa, Carlos"]
[Black "Llaneras Henarejos, Miguel"]
[Result "1-0"]
[WhiteElo "2089"]
[BlackElo "1746"]
[PlyCount "35"]
[EventDate "2011.04.16"]
[EventType "swiss"]
[EventRounds "8"]
[EventCountry "ESP"]
[SourceTitle "EXT 2012"]
[Source "ChessBase"]
[SourceDate "2011.11.24"]
[SourceVersion "1"]
[SourceVersionDate "2011.11.24"]
[SourceQuality "1"]

1. d4 g6 2. e4 Bg7 3. c4 d6 4. Nc3 Nf6 5. f4 c5 6. dxc5 dxc5 7. Qxd8+ Kxd8 8. e5 Ng4 9. h3 Nh6 10. Be3 Na6 11. 0-0-0+ Ke8 12. g4 f5 13. exf6 exf6 14. Bg2 f5 15. g5 Bxc3 16. gxh6 Bf6 17. Rd6 Ke7 18. Rxa6 1-0

[Event "ESP-ch blind 22nd"]
[Site "Benidorm"]
[Date "2010.11.15"]
[Round "2"]
[White "Llaneras Henarejos, Miguel"]
[Black "Espadina Solano, Jaime E"]
[Result "1-0"]
[WhiteElo "1687"]
[BlackElo "1895"]
[PlyCount "67"]
[EventDate "2010.11.14"]
[EventType "swiss"]
[EventRounds "8"]
[EventCountry "ESP"]
[SourceTitle "CBM 139 Extra"]
[Source "ChessBase"]
[SourceDate "2011.01.05"]
[SourceVersion "1"]
[SourceVersionDate "2011.01.05"]
[SourceQuality "1"]

1. d4 Nf6 2. c4 g6 3. Nc3 Bg7 4. e4 d6 5. f3 0-0 6. Be3 c5 7. d5 e6 8. Qd2 exd5 9. cxd5 Re8 10. Be2 a6 11. a4 Nbd7 12. Nh3 Ne5 13. Nf2 Rb8 14. g4 h5 15. gxh5 Nxh5 16. f4 Nd7 17. Bxh5 gxh5 18. 0-0-0 Kh7 19. Rhg1 Nb6 20. Qd3 f5 21. exf5 c4 22. Rxg7+ Kxg7 23. Qd4+ Kh6 24. Qxb6 Qxb6 25. Bxb6 Bxf5 26. Bc7 Rbc8 27. Bxd6 Rg8 28. h4 Rg2 29. Nfe4 Re8 30. Be5 Rh2 31. Nd6 Rc2+ 32. Kb1 Rxc3+ 33. Nxf5+ Kg6 34. bxc3 1-0

[Event "ESP-ch blind 22nd"]
[Site "Benidorm"]
[Date "2010.11.14"]
[Round "1"]
[White "Saez Gabikagogeaskoa, Oscar"]
[Black "Llaneras Henarejos, Miguel"]
[Result "1-0"]
[WhiteElo "1939"]
[BlackElo "1687"]
[PlyCount "99"]
[EventDate "2010.11.14"]
[EventType "swiss"]
[EventRounds "8"]
[EventCountry "ESP"]
[SourceTitle "CBM 139 Extra"]
[Source "ChessBase"]
[SourceDate "2011.01.05"]
[SourceVersion "1"]
[SourceVersionDate "2011.01.05"]
[SourceQuality "1"]

1. e4 g6 2. d4 Bg7 3. Nc3 d6 4. Bg5 a6 5. Qd2 b5 6. f3 Nd7 7. 0-0-0 c5 8. dxc5 Nxc5 9. Nge2 Bb7 10. Be3 Rc8 11. Kb1 Qa5 12. g4 Nd7 13. Nd4 Ne5 14. Nb3 Qc7 15. Be2 Nc4 16. Bxc4 Qxc4 17. Na5 Qb4 18. Bd4 Qxd4 19. Qxd4 Bxd4 20. Rxd4 Bc6 21. a4 bxa4 22. Nxc6 Rxc6 23. Rxa4 Nf6 24. Nd5 Nd7 25. Rxa6 Rxa6 26. Nc7+ Kd8 27. Nxa6 Ne5 28. Rf1 Kd7 29. Nb4 Rb8 30. c3 Nc4 31. Rd1 Ne5 32. Rf1 Nc4 33. Rf2 f5 34. exf5 gxf5 35. g5 f4 36. h4 Rb5 37. Nd3 e5 38. Re2 Ne3 39. Rd2 Nc4 40. Rh2 Ke6 41. b4 Kf5 42. Ka2 d5 43. Kb3 Nb6 44. h5 e4 45. g6 Nd7 46. gxh7 Rb8 47. Ne1 exf3 48. Nxf3 Kg4 49. Rg2+ Kxf3 50. Rg8 1-0

[Event "Bilbao-ch blind 21st"]
[Site "Bilbao"]
[Date "2008.11.16"]
[Round "1"]
[White "Llaneras Henarejos, Miguel"]
[Black "Vela Ignacio, Jose Manuel"]
[Result "0-1"]
[WhiteElo "1677"]
[BlackElo "2103"]
[PlyCount "43"]
[EventDate "2008.11.16"]
[EventType "swiss"]
[EventRounds "8"]
[EventCountry "ESP"]
[SourceTitle "CBM 127 Extra"]
[Source "ChessBase"]
[SourceDate "2009.01.08"]
[SourceVersion "2"]
[SourceVersionDate "2009.01.28"]
[SourceQuality "1"]

1. d4 d5 2. c4 e5 3. dxe5 d4 4. Nf3 Nc6 5. e3 Bb4+ 6. Bd2 dxe3 7. fxe3 Bg4 8. Bxb4 Qxd1+ 9. Kxd1 Nxb4 10. h3 Bf5 11. Nd4 0-0-0 12. Nd2 Ne7 13. g4 Bg6 14. a3 Nbc6 15. N4f3 Be4 16. Be2 Bxf3 17. Bxf3 Nxe5 18. Ke2 Rxd2+ 19. Kxd2 Nxf3+ 20. Kc3 Rd8 21. Rhf1 Ne5 22. Rad1 0-1

[Event "Calvia Amateur op 5th"]
[Site "Calvia"]
[Date "2008.10.10"]
[Round "1"]
[White "Llaneras Henarejos, Miguel"]
[Black "Schuermans, Robert"]
[Result "0-1"]
[WhiteElo "1677"]
[BlackElo "2128"]
[PlyCount "40"]
[EventDate "2008.10.10"]
[EventType "swiss"]
[EventRounds "9"]
[EventCountry "ESP"]
[SourceTitle "CBM 126 Extra"]
[Source "ChessBase"]
[SourceDate "2008.11.05"]
[SourceVersion "1"]
[SourceVersionDate "2008.11.05"]
[SourceQuality "1"]

1. f4 c5 2. Nf3 Nc6 3. e3 g6 4. Be2 Bg7 5. 0-0 Nf6 6. d3 d5 7. c3 Qc7 8. Qe1 e5 9. fxe5 Nxe5 10. Nbd2 Nfg4 11. Nxe5 Bxe5 12. Bxg4 Bxg4 13. h3 Bg3 14. Rxf7 Kxf7 15. Qf1+ Bf5 16. e4 Rae8 17. Qf3 Kg7 18. Nf1 Bxe4 19. dxe4 Rhf8 20. Qe3 Bf2+ 0-1

[Event "ESP-chT Once"]
[Site "Islantilla"]
[Date "2007.11.21"]
[Round "4"]
[White "Mas Artigas, Pere"]
[Black "Llaneras Henarejos, Miguel"]
[Result "1-0"]
[WhiteElo "1986"]
[BlackElo "1692"]
[PlyCount "71"]
[EventDate "2007.11.18"]
[EventType "team"]
[EventRounds "5"]
[EventCountry "ESP"]
[SourceTitle "CBM 121 Extra"]
[Source "ChessBase"]
[SourceDate "2008.01.10"]
[SourceVersion "1"]
[SourceVersionDate "2008.01.10"]
[SourceQuality "1"]

1. d4 f5 2. c4 Nf6 3. Nc3 g6 4. g3 Bg7 5. Bg2 0-0 6. Nf3 d6 7. 0-0 c6 8. Bd2 Nbd7 9. Qc1 Qe8 10. Ng5 e5 11. d5 Nb6 12. b3 h6 13. Ne6 Bxe6 14. dxe6 g5 15. h4 Qh5 16. Bf3 g4 17. Bg2 Rae8 18. Qa3 Nc8 19. b4 Rxe6 20. Qb3 e4 21. Rac1 Kh8 22. Nd1 Nd7 23. f3 exf3 24. exf3 Bd4+ 25. Kh2 Rfe8 26. Bc3 Bf6 27. Bxf6+ Nxf6 28. f4 Re2 29. Rc2 Qf7 30. Rxe2 Rxe2 31. Rf2 Qe6 32. Qd3 Rxf2 33. Nxf2 Nb6 34. c5 d5 35. cxb6 axb6 36. Qd4 1-0